| 000 | 00470nam a2200145 a 4500 | ||
|---|---|---|---|
| 001 | 999 | ||
| 003 | CDMR | ||
| 005 | 20130116135159.0 | ||
| 008 | 130130s2005||||||||||||||||||||||||||||d | ||
| 040 |
_aCDMR _bcat _cCPC GIRONA |
||
| 100 | 1 |
_aFalgàs, Rosa Maria _9784 |
|
| 245 | 1 | 3 |
_aEl nostre món (3) _bMètode d'aprenentatge del català _cFalgàs, Rosa Maria , Dalmau, Jordi |
| 260 |
_c2005 _bAcefir, Associació Catalana per a l'Educació, la formació i la recerca |
||
| 942 | _cMON | ||
| 999 |
_c999 _d999 |
||